| 000 | 01105nac a22002651u 4500 | ||
|---|---|---|---|
| 010 | _a2001018694 | ||
| 020 | _a0070486905 | ||
| 082 | 0 | 0 |
_a658.4012 _bC698 |
| 090 |
_c1130 _d1130 |
||
| 100 | _aColley, John L. | ||
| 245 | 1 | 0 |
_aCorporate strategy / _cJohn L. Colley, Jr., Jacqueline L. Doyle, Robert D. Hardie. |
| 260 |
_aNew Delhi : _bTata McGraw-Hill Pub. Co., _cc2002. |
||
| 300 |
_axiv, 255 p. : _bill. ; _c24 cm. |
||
| 440 | 4 | _aThe McGraw-Hill executive MBA series | |
| 504 | _aIncludes bibliographical references (p. 239-247) and index. | ||
| 650 | 0 | _aStrategic planning. | |
| 650 | 0 |
_aStrategic planning _zUnited States. |
|
| 650 | 0 |
_aConglomerate corporations _xManagement. |
|
| 650 | 0 |
_aConglomerate corporations _zUnited States _xManagement. |
|
| 700 | 1 | _aDoyle, Jacqueline. | |
| 700 | 1 | _aHardie, Robert D. | |
| 856 | 4 | 2 |
_3Table of contents _uhttp://www.loc.gov/catdir/toc/mh023/2001018694.html |
| 942 |
_cBB _k658.4012C698 |
||
| 999 |
_c1130 _d1130 |
||